=LDR 00000nam 2200000 4500 =001 INLIS000000000030570 =005 20130612132714 =008 ***********************************Ind** =035 ##$$0010-061300000030570 =041 ##$$a Ind =082 ##$$a 658.409 2 =090 ##$$a 658.409 2, Had c =100 ##$$a Handy, Charles =245 ##$$a Era paradoks memahami masa depan, Charles Handy =260 ##$$a 1996 $b Jakarta =300 ##$$a xi, 217 hlm, 22 cm =650 ##$$a Era Paradoks =850 ##$$a NBPNMAT